000 00947nac a22002657a 4500
001 BR6000454
003 BR-BrBNA
005 20240105112948.0
008 230509b bl.|||m| |||| 00| 0 por d
040 _aBR-BrBNA
_bpor
_cBiblioteca Nacional de Agricultura
072 _aE70
090 _aE70 BR6000454
110 1 _aFundacao Instituto Brasileiro de Geografia e Estatistica, Rio de Janeiro, GB. Depto. de Estatisticas Industriais, Comerciais e de Servicos
_94924
245 1 _aComercio interestadual. Exportacao por vias internas 1971, Amazonas [Brasil]
260 3 _aRio de Janeiro, GB (Brasil):
_c1973.
300 _a43 p.
490 _aComercio Interestadual. Exportacao por Vias Internas, Amazonas (Brazil)
_v
_x
500 _aNumerical data
650 _aComercializacao
650 _aComercio interno
650 _aExportacao
650 _aAmazonas
909 _a202312
_bLúcia Elande
_c55
_dLúcia Elande
942 _2AGRIS
_n0
_cMS
999 _c261148
_d261148